Environmental management in Kenya : (Record no. 2925)

MARC details
000 -LEADER
fixed length control field 00984cam a22002532 4500
001 - CONTROL NUMBER
control field 0000005129
005 - DATE AND TIME OF LATEST TRANSACTION
control field 20151217145823.0
008 - FIXED-LENGTH DATA ELEMENTS--GENERAL INFORMATION
fixed length control field 070606s xx 000 0 eng d
040 ## - CATALOGING SOURCE
Original cataloging agency KABU
Transcribing agency KABU
050 #0 - LIBRARY OF CONGRESS CALL NUMBER
Classification number TD194.6
Item number .E58 2002
245 10 - TITLE STATEMENT
Title Environmental management in Kenya :
Remainder of title principles of environmental impact assessment review /
Statement of responsibility, etc. editors George M. Wamukoya and Jael V. Ludeki.
246 3# - VARYING FORM OF TITLE
Title proper/short title Principles of environmental impact assessment review.
260 ## - PUBLICATION, DISTRIBUTION, ETC. (IMPRINT)
Place of publication, distribution, etc. Nairobi :
Name of publisher, distributor, etc. CREEL,
Date of publication, distribution, etc. 2002.
300 ## - PHYSICAL DESCRIPTION
Extent ix, 184 p. ;
Dimensions 21 cm.
440 #0 - SERIES STATEMENT/ADDED ENTRY--TITLE
Title CREEL publication
Volume/sequential designation no. 2 ;
-- 0000156239
650 #0 - SUBJECT ADDED ENTRY--TOPICAL TERM
Topical term or geographic name as entry element Environmental impact analysis.
-- 0000156236
650 #0 - SUBJECT ADDED ENTRY--TOPICAL TERM
Topical term or geographic name as entry element Environmental impact analysis
Geographic subdivision Kenya.
-- 0000156240
700 1# - ADDED ENTRY--PERSONAL NAME
Personal name Wamukoya, George M.
-- 0000153429
700 1# - ADDED ENTRY--PERSONAL NAME
Personal name Ludeki, Jael V.
-- 0000156241
710 2# - ADDED ENTRY--CORPORATE NAME
Corporate name or jurisdiction name as entry element Centre for Environmental Legal Research and Education.
-- 0000156242
908 ## - PUT COMMAND PARAMETER (RLIN)
Put command parameter 070606
950 ## - LOCAL HOLDINGS (RLIN)
-- 1
Holdings
Withdrawn status Lost status Source of classification or shelving scheme Not for loan Home library Current library Date acquired Total Checkouts Full call number Barcode Date last seen Date last checked out Price effective from Koha item type
    Library of Congress Classification   Kabarak, Main Campus Kabarak, Main Campus 17/12/2015 5 TD194.6 .E58 2002 009592 29/01/2019 15/08/2018 17/12/2015 General Collection
Designed with assistance from East African Informatics Ltd